IFM Opac

THE INSTITUTE OF BANKER (Record no. 14957)

MARC details
000 -LEADER
fixed length control field 00260nam a22001097a 4500
082 ## - DEWEY DECIMAL CLASSIFICATION NUMBER
Classification number 332.10942INS
245 ## - TITLE STATEMENT
Title THE INSTITUTE OF BANKER
260 ## - PUBLICATION, DISTRIBUTION, ETC.
Place of publication, distribution, etc. LONDON
Name of publisher, distributor, etc. LOMBARD STREET
Date of publication, distribution, etc. 1968
300 ## - PHYSICAL DESCRIPTION
Extent 78P
Other physical details 20CM
650 ## - SUBJECT ADDED ENTRY--TOPICAL TERM
Topical term or geographic name entry element THE FUTURE OF BRITISH BANKING
942 ## - ADDED ENTRY ELEMENTS (KOHA)
Koha item type Books
Holdings
Withdrawn status Lost status Damaged status Not for loan Home library Current library Shelving location Date acquired Total Checkouts Full call number Barcode Date last seen Price effective from Koha item type
Withdrawn       IFM Main Campus Library IFM Main Campus Library Archival Collection 01/25/2016   332.10942INS 0000012438 01/25/2016 02/19/2022 Books